000 00817cab a2200253 4500
001 ABS50284
008 090401t1994 xxu||||| |||| 00| 0 eng d
035 _a(Sirsi) u75067
041 _aeng
100 _aSmith, I.
245 _aNewbury`s assessment redresses the balance
260 _c1994
350 _a0
490 _aPlanning (for the Natural and Built Environment)
_v(1057) 25 February 1994, 22-23(2)
520 _aReports on full district-wide landscape assessment carried out by Landscape Design Associates for Newbury DC aimed at producing a landscape action programme.
650 _aCOUNTRYSIDE MANAGEMENT
650 _aLANDSCAPE ASSESSMENT
650 _aLANDSSCAPE CONSERVATION
650 _aPPG7
690 _aCONSERVATION
700 _aGoodrum, C.
942 _n0
948 _c04/03/1997
999 _c47294
_d47294